Normal view
MARC view
- Chakravorti, Samit,
Entry Personal Name
001 - CONTROL NUMBER
- control field: 51787
003 - CONTROL NUMBER IDENTIFIER
- control field: OSt
005 - DATE AND TIME OF LATEST TRANSACTION
- control field: 20240207133236.0
008 - FIXED-LENGTH DATA ELEMENTS
- fixed length control field: 240207|| aca||aabn | a|a d
040 ## - CATALOGING SOURCE
- Original cataloging agency: OSt
- Transcribing agency: OSt
100 ## - HEADING--PERSONAL NAME
- Personal name: Chakravorti, Samit,
- Relator term: author.
670 ## - SOURCE DATA FOUND
- Source citation: Work cat.: (OSt)0: Chakravorti, Samit, author., Customer relationship management :, [2023].
